| 000 | 00753nam a2200241Ia 4500 | ||
|---|---|---|---|
| 003 | OSt | ||
| 005 | 20220918105515.0 | ||
| 006 | a|||||r|||| 00| 0 | ||
| 007 | ta | ||
| 008 | 220915b |||||||| |||| 00| 0 hin d | ||
| 024 | _a209001 | ||
| 037 | _cReference Collections | ||
| 040 |
_aARTS _cARTS _bhin |
||
| 041 |
_2hin _ahin |
||
| 082 | _aP31:4k, 152K2(RR) | ||
| 100 |
_aशर्मा, हरिहर _91799 |
||
| 245 | 0 | _aतमिल हिन्दी कोश | |
| 246 | _aTamil hindī kosha | ||
| 260 | _c1973 | ||
| 490 | _aहिन्दी प्रचार पुस्तकमाला; 236 | ||
| 942 |
_hP31:4k, 152K2(RR) _cREF |
||
| 999 |
_c107678 _d107678 |
||